000 01633cam a22004814i 4500
003 PE-LiUPU
005 20250731165513.0
008 150623s r 000 0 d
035 _a(Sirsi) a24547
035 _a(Sirsi) a24547
040 _aPE-LiUPU
_bspa
_cPE-LiUPU
_erda
082 0 4 _a912t
_bA87
_221
110 2 _aLa República
245 1 0 _aAtlas geográfico universal.
_n1 /
_cEditado por el diario La República.
264 1 _a[Buenos Aires] :
_bVisor,
_c2001.
300 _a87 páginas :
_bilustraciones fotos ;
_c36 cm.
300 _aCD
336 _atext
_2rdacontent
337 _aunmediated
_2rdamedia
338 _avolume
_2rdacarrier
505 0 _aPlanisferio. -La tierra. -Los continentes. -América del Sur. -América del norte. -América central.
526 _aSEG44
526 _aSEG26
526 _aP151
526 _aP150
526 _aP149
526 _aP146
526 _aP145
526 _aP126
526 _aP125
526 _aP92
526 _aP75
526 _aP74
526 _aP27
526 _aP15
650 1 4 _aAtlas.
942 _2ddc
_cBOOK
949 _aRC 912T A87 1
_wDEWEY
_c1
_i48881
_lRC
_mBUL
_r0
_sY
_tBOOK
_u2015-6-24
_xBIBLIOTECA
_zUNKNOWN
_0COMPRA
_o.CIRCNOTE. No olvidar cambiar la fecha de devolución!!!!!!!
_o.STAFF. Colección General
994 _aC0
_bPEPRU
596 _a1
999 _aRC 912T A87 1
_wDEWEY
_c28037
_i48881
_d28037
_f2021-11-8
_g5
_lRCG
_mBUL
_q1
_r1
_sY
_tBOOK
_u2015-6-24
_xBIBLIOTECA
_zUNKNOWN
_0COMPRA
_o.CIRCNOTE. No olvidar cambiar la fecha de devolución!!!!!!!
_o.STAFF. Colección General
980 _81
_gALBERTO SANCHEZ Responsable de Automatización